La disforia di genere in età evolutiva : implicazioni cliniche, sociali ed etiche /

محفوظ في:
التفاصيل البيبلوغرافية
مؤلفون آخرون: Dèttore, Davide, (1954-), Antonelli, Paolo, (1979- ), Ristori, Jiska
التنسيق: كتاب
اللغة:الإيطالية
منشور في: Roma : Alpes Italia, 2015
سلاسل:I sensi del sesso
الموضوعات:
الوسوم: إضافة وسم
لا توجد وسوم, كن أول من يضع وسما على هذه التسجيلة!

MARC

LEADER 00000nam a2200000 i 4500
001 IT\ICCU\CFI\0939368
003 ItRI
005 20250110115253.0
008 160830s2015 it |||||| ||||| |||||c
015 |2 IT  |a 2016-8318 
020 |a 9788865312643 
040 |b ita  |c Arcigay Genova 
041 7 |a ita  |2 ISO-639-2 
082 |a 618.928583  |2 23 
245 0 3 |a La disforia di genere in età evolutiva :  |b implicazioni cliniche, sociali ed etiche /  |c a cura di Davide Dèttore, Jiska Ristori, Paolo Antonelli. 
260 |a Roma :  |b Alpes Italia,  |c 2015 
300 |a VI, 209 p. ;  |c 24 cm 
650 7 |a Adolescenti [e] Bambini  |x Disturbo dell'identità di genere  |2 nsbncf 
700 1 |a Dèttore, Davide,  |d  (1954-)  |0 IT\ICCU\CFIV\066365 
700 1 |a Antonelli, Paolo,  |d  (1979- )  |0 IT\ICCU\CFIV\286246 
700 1 |a Ristori, Jiska  |0 IT\ICCU\REAV\169689 
830 2 |a I sensi del sesso  |0 IT\ICCU\REA\0285063 
942 |2 ddc  |c BK 
952 |0 0  |1 0  |2 ddc  |4 0  |6 155_400000000000000_DET_DIS  |7 1  |9 2787  |a GE  |b GE  |d 2025-01-10  |l 0  |o 155.4 DET DIS  |p 1455  |r 2025-01-10 11:53:34  |w 2025-01-10  |y BK 
981 1 |6 z01  |a i   |b xxxe  
982 1 |6 z01  |a n 
999 |c 2402  |d 2402